|
|
|
|
| LEADER |
00000nam a2200000 a 4500 |
| 001 |
vtls009357917 |
| 003 |
SK-MaSNL |
| 005 |
20260223184136.0 |
| 008 |
081106 000 0 eng |
| 040 |
|
|
|a SNK
|b slo
|c SNK
|e AACR2
|
| 245 |
1 |
|
|a Quadripartitum juris consuetudinarii inclyti Regni Hungariae ad elaborandum susceptum,...per Paulum Prileszky
|
| 260 |
|
|
|a Sopronii
|b Typis Joannis Phillippi Rennau
|c 1793
|
| 300 |
|
|
|a 1382 s.
|
| 999 |
|
|
|c 657049
|d 658979
|
| 952 |
|
|
|a SNK
|b SNK
|y PREZ
|7 0
|p 17A0789709
|o snkSC 8283
|i snkKIF 2297/57
|8 5
|0 0
|1 0
|4 0
|d 2012-03-12
|l 0
|r 2025-07-09 00:00:00
|w 2026-02-23
|
| 952 |
|
|
|a SNK
|b SNK
|y VYP
|7 0
|p 17X09357917002
|o snkSC 8283 D1
|i snkF 2547/68
|8 5
|0 0
|1 0
|4 0
|d 2008-11-06
|l 0
|r 2026-02-23 18:41:36
|w 2026-02-23
|